000 01027cam a2200325 i 4500
001 847451
003 ARRUPE
005 20161108115331.0
008 780816s1978 nyu b 001 0 eng
010 _a 78012225
020 _a0020746903
040 _aDLC
_cDLC
_dDLC
043 _an-us---
050 0 0 _aJC599.U5
_bR66 1978
051 _aJC599.U5
_bR66 1978
082 0 0 _a320.5/1/0973
100 1 _aRothbard, Murray N.
_927367
245 1 0 _aFor a new liberty :
_bthe libertarian manifesto
_c/Murray N. Rothbard.
250 _aRev. ed.
260 _aNew York :
_bCollier Books,
_c1978.
300 _ax, 338 p. ;
_c24 cm.
504 _aIncludes bibliographical references and index.
650 0 _aLiberty.
_97967
650 0 _aLaissez-faire
_927368
651 0 _aUnited States
_xEconomic policy.
_927369
651 0 _aUnited States
_xSocial policy.
_927370
710 2 _aPaul Avrich Collection (Library of Congress)
_5DLC
_96852
906 _a7
_bcbc
_corignew
_d1
_eocip
_f19
_gy-gencatlg
942 _2lcc
_cMONOGRAPH
999 _c125700
_d125700